|
|
|
|
| LEADER |
00000nam0a2200000 4500 |
| 001 |
75156 |
| 005 |
20231101212811.0 |
| 035 |
|
|
|a (RuTPU)RU\TPU\book\80135
|
| 035 |
|
|
|a RU\TPU\book\72716
|
| 090 |
|
|
|a 75156
|
| 100 |
|
|
|a 20041004d1960 k y0rusy50 ca
|
| 101 |
0 |
|
|a rus
|
| 102 |
|
|
|a RU
|
| 105 |
|
|
|a a z 001zy
|
| 200 |
1 |
|
|a Минеральный состав и условия локализации титаномагнетитовых руд Висимского месторождения на Среднем Урале
|f И. К. Латыш
|g Академия наук СССР (АН СССР), Уральский филиал (УФ), Горно-геологический институт
|
| 210 |
|
|
|a Свердловск
|c Изд-во УФ АН СССР
|d 1960
|
| 215 |
|
|
|a 76 с.
|c ил.
|
| 225 |
1 |
|
|a Труды Горно-геологического института
|v Вып. 50
|
| 320 |
|
|
|a Библиогр.: с. 75-76.
|
| 606 |
1 |
|
|a Рудные (металлоносные) месторождения
|2 stltpush
|3 (RuTPU)RU\TPU\subj\26025
|9 50044
|
| 610 |
1 |
|
|a титаномагнетитовые руды
|
| 610 |
1 |
|
|a геология
|
| 610 |
1 |
|
|a петрография
|
| 610 |
1 |
|
|a сплошные руды
|
| 610 |
1 |
|
|a вкрапленные руды
|
| 610 |
1 |
|
|a минеральный состав
|
| 610 |
1 |
|
|a химический состав
|
| 675 |
|
|
|a 553.3/.4
|v 3
|
| 700 |
|
1 |
|a Латыш
|b И. К.
|g Иван Корнеевич
|
| 712 |
0 |
2 |
|a Академия наук СССР (АН СССР)
|b Уральский филиал (УФ)
|b Горно-геологический институт
|c (Свердловск)
|c (1939-1962)
|2 stltpush
|3 (RuTPU)RU\TPU\col\18550
|
| 801 |
|
1 |
|a RU
|b 63413507
|c 20050318
|g PSBO
|
| 801 |
|
2 |
|a RU
|b 63413507
|c 20181017
|g PSBO
|
| 942 |
|
|
|c BK
|